01643nam a2200373 a 4500001001200000003000800012006001900020007001500039008004100054010001700095020004200112040002100154035002100175043001200196050002300208082001700231100002800248245015300276260003800429300003300467490006100500504006600561533015200627600006200779650004500841651005700886651004300943651004800986655002901034710001701063830004601080856012601126999001701252ebr10270903CaPaEBRm u cr cn|||||||||070904s2007 na ab sb 001 0 eng  z 2007036707 z9789004158368 (hardback : alk. paper) aCaPaEBRcCaPaEBR a(OCoLC)646789664 aa-tu---14aDR496b.K37 2007eb04a956/.0152221 aKastritsis, Dimitris J.14aThe sons of Bayezidh[electronic resource] :bempire building and representation in the Ottoman civil war of 1402-1413 /cby Dimitris J. Kastritsis. aLeiden ;aBoston :bBrill,c2007. axxiii, 250 p. :bill., maps.1 aThe Ottoman empire and its heritage,x1380-6076 ;vv. 38 aIncludes bibliographical references (p. [233]-243) and index. aElectronic reproduction.bPalo Alto, Calif. :cebrary,d2013.nAvailable via World Wide Web.nAccess may be limited to ebrary affiliated libraries.00aBayezidbI,cSultan of the Turks,dca. 1360-1403xFamily. 0aAnkara, Battle of, Ankara, Turkey, 1402. 0aTurkeyxHistoryyInvasion of Timur, 1402xCampaigns. 0aTurkeyxHistoryyBayezid I, 1389-1403. 0aTurkeyxHistoryyOttoman Empire, 1288-1918. 7aElectronic books.2local2 aebrary, Inc. 0aOttoman Empire and its heritage ;vv. 38.40uhttp://site.ebrary.com/lib/rucke/Doc?id=10270903zAn electronic book accessible through the World Wide Web; click to view c21982d21982